000 00975nam a2200349Ka 4500
020 _a0663382149 (lvl.2)
020 _a0663383021 (lvl.3)
020 _a0663383919 (lvl.4)
020 _a0663384796 (lvl.5)
020 _a0663385679 (lvl.6)
020 _a0663386551 (lvl.7)
020 _a0663387434 (lvl.8)
020 _a0663388317 (lvl.9)
020 _a0663389194 (lvl.10)
020 _a0663390087 (lvl.11)
020 _a0663391075 (lvl.12)
020 _a0663392063 (lvl.13)
040 _cBGU
082 _a372 LEX 1982 A107 Or.
100 1 0 _aClymer, Theodore
245 1 0 _a[Ginn reading program] :
_bskillpack /
250 _aTeacher's ed
260 0 _aLexington, Mass. :
_bGinn and Co.,
_c1982
300 _a12 v. :
_bill. ;
_c28 cm
500 _aGrades K-6, lvls. 2-13
500 _a$1.05
650 0 _aReading (Kindergarten)
650 0 _aReading (Elementary)
700 1 0 _aVenezky, Richard L
700 1 0 _aIndrisano, Rosemina
942 _cEK
999 _c16782
_d16782